Making sense of research for sustainable land management. (Registro nro. 20556)

Detalles MARC
000 -CABECERA
Campo de control 01011nam a22002777a 4500
005 - FECHA Y HORA DE LA ULTIMA TRANSACCION
Campo de control 20191106063521.0
008 - ELEMENTOS DE LONGITUD FIJA—INFORMACION GENERAL
Campo de control 191106b xxu||||| |||| 00| 0 spa d
020 ## - ISBN
ISBN 9783944280998
040 ## - FUENTE DE CATALOGACIÓN
Agencia catalogadora original CO-BoIAVH
Agencia transcriptora CO-BoIAVH
041 ## - IDIOMA
Código de idioma para texto/pista de sonido o título separado Inglés
044 ## - PAÍS DE PUBLICACIÓN
País de publicación Alemania
082 ## - NUMERO DE CLASIFICACION DECIMAL DEWEY
Número de clasificación 333.95153
Número del ítem L64m
100 ## - ASIENTO PRINCIPAL--NOMBRE PERSONAL
9 (RLIN) 101898
Nombre personal Liniger, Hanspeter
245 ## - MENCION DE TITULO
Título Making sense of research for sustainable land management.
260 ## - PUBLICACION, DISTRIBUCION, ETC. (PIE DE IMPRENTA)
Lugar de publicación, distribución, etc. Leipzig:
Nombre del editor, distribuidor, etc. Centre for Development and Environment(CDE),
-- University of Bern,
-- Switzerland and Helmholtz - Centre for Environmental Research GmbH - UFZ
Fecha de publicación, distribución, etc. 2017.
300 ## - DESCRIPCION FISICA
Extensión 304 Páginas:
Otros detalles físicos fotografías, tablas, gráficos y mapas,
Dimensiones 30 x 21 cm.
650 #0 - ASIENTO SECUNDARIO DE MATERIA - TERMINO TEMATICO
9 (RLIN) 53038
Término temático o nombre geográfico como elemento de entrada Gestión sostenible
650 #0 - ASIENTO SECUNDARIO DE MATERIA - TERMINO TEMATICO
9 (RLIN) 76
Término temático o nombre geográfico como elemento de entrada Cambio climático
650 #0 - ASIENTO SECUNDARIO DE MATERIA - TERMINO TEMATICO
9 (RLIN) 54
Término temático o nombre geográfico como elemento de entrada Biodiversidad
650 #0 - ASIENTO SECUNDARIO DE MATERIA - TERMINO TEMATICO
9 (RLIN) 2473
Término temático o nombre geográfico como elemento de entrada Conservación de ecosistemas
650 #0 - ASIENTO SECUNDARIO DE MATERIA - TERMINO TEMATICO
9 (RLIN) 2051
Término temático o nombre geográfico como elemento de entrada Investigación ambiental
700 ## - ASIENTO SECUNDARIO - NOMBRE PERSONAL
9 (RLIN) 101899
Nombre personal Mekdaschi Studer, Rima
700 ## - ASIENTO SECUNDARIO - NOMBRE PERSONAL
9 (RLIN) 101900
Nombre personal Moll, Peter
700 ## - ASIENTO SECUNDARIO - NOMBRE PERSONAL
9 (RLIN) 101901
Nombre personal Zander, Ute
942 ## - ELEMENTOS ADICIONALES (KOHA)
Sistema de clasificación Dewey Decimal Classification
Tipo de ítem Libro
Existencias
Withdrawn status Lost status Sistema de Clasificación Damaged status No para préstamo Colección Ubicación Permanente Ubicación actual Fecha de adquisición Total Checkouts Número topográfico Inventario / Código de Barras Date last seen Ejemplar Price effective from Forma de adquisición Tipo de material
    Dewey Decimal Classification     General Bogotá Bogotá 06/11/2019   LB-333.95153 L64m 043683 06/11/2019 Ej.1 06/11/2019 Canje Libro